<?xml version="1.0" encoding="UTF-8"?>
<collection xmlns="http://www.loc.gov/MARC21/slim">
<record>
  <controlfield tag="001">4954</controlfield>
  <controlfield tag="005">20200812085924.0</controlfield>
  <datafield tag="037" ind1=" " ind2=" ">
    <subfield code="a">OUTRART-2020-0032</subfield>
  </datafield>
  <datafield tag="100" ind1=" " ind2=" ">
    <subfield code="a">Van Noten, Koen</subfield>
  </datafield>
  <datafield tag="245" ind1=" " ind2=" ">
    <subfield code="a">Factcheck: Réseau Voltaire prouverait l'usage d'une arme nucléaire contre Beyrouth (c'est faux)</subfield>
  </datafield>
  <datafield tag="260" ind1=" " ind2=" ">
    <subfield code="c">2020</subfield>
  </datafield>
  <datafield tag="594" ind1=" " ind2=" ">
    <subfield code="a">NO</subfield>
  </datafield>
  <datafield tag="773" ind1=" " ind2=" ">
    <subfield code="p">Journalistes Solidaires</subfield>
    <subfield code="v">2020-08-09 (Giumelli, Stephan; Cazenave, Julien)</subfield>
    <subfield code="y">2020</subfield>
  </datafield>
  <datafield tag="856" ind1="0" ind2=" ">
    <subfield code="f">koen.vannoten@observatoire.be</subfield>
  </datafield>
  <datafield tag="856" ind1="4" ind2="2">
    <subfield code="a">https://slack-redir.net/link?url=https%3A%2F%2Fjournalistessolidaires.com%2Fpublications%2Freseau-voltaire-prouverait-usage-une-arme-nucleaire-contre-beyrouth%2FreclkG8k2fwH51BVL</subfield>
  </datafield>
  <datafield tag="980" ind1=" " ind2=" ">
    <subfield code="a">OUTRART</subfield>
  </datafield>
</record>
</collection>